La Institucionalidad ajena: los años cuarenta y el fin de siglo
El autor presenta un conjunto de ensayos, cuyo eje articulador es la institucionalidad y cultura política costarricense de principios del siglo XXI. Se privilegia la reflexión en torno a los años cuarenta como recurso para entender mejor el tiempo presente. El autor argumenta que la sociedad y la in...
Furkejuvvon:
| Váldodahkki: | |
|---|---|
| Searvvušdahkki: | |
| Materiálatiipa: | Texto |
| Giella: | Spanish |
| Almmustuhtton: |
San José:
Editorial de la Universidad de Costa Rica
|
| Fáttát: | |
| Fáddágilkorat: |
Lasit fáddágilkoriid
Eai fáddágilkorat, Lasit vuosttaš fáddágilkora!
|
MARC
| LEADER | 00000 a a2200000 04500 | ||
|---|---|---|---|
| 001 | 31379 | ||
| 003 | cru CIDCACS/IIS | ||
| 005 | 20181005155419.0 | ||
| 008 | 181005b ||||| |||| 00| 0 spa d | ||
| 999 | |c 15635 |d 15635 | ||
| 040 | |c cru CIDCACS/IIS | ||
| 090 | |a 04.030.02 S687i | ||
| 100 | |a Solís Avendaño, Manuel Antonio | ||
| 110 | |a Universidad de Costa Rica. Facultad de Ciencias Sociales. Instituto de Investigaciones Sociales | ||
| 245 | |a La Institucionalidad ajena: los años cuarenta y el fin de siglo | ||
| 260 | |a San José: |b Editorial de la Universidad de Costa Rica | ||
| 300 | |a 549 p. | ||
| 520 | |a El autor presenta un conjunto de ensayos, cuyo eje articulador es la institucionalidad y cultura política costarricense de principios del siglo XXI. Se privilegia la reflexión en torno a los años cuarenta como recurso para entender mejor el tiempo presente. El autor argumenta que la sociedad y la institucionalidad de la Costa Rica de la segunda mitad del siglo XX, se conformó en tanto lucha con algunas características recurrentes de la cultura y vida política, que al mismo tiempo las reafirma y recupera en otra variante. Lo nuevo que trajo la década del cuarenta se montó sobre una base política y cultural que nunca fue puesta radicalmente en entredicho, la cual de ningua manera coincidiron con esa representación de un pasado pacífico y democrático | ||
| 650 | |a CRISIS POLITICA | ||
| 650 | |a HISTORIA POLITICA | ||
| 650 | |a LIDERAZGO POLITICO | ||
| 650 | |a COMPORTAMIENTO SOCIAL | ||
| 650 | |a POLITICOS | ||
| 650 | |a REFORMA SOCIAL | ||
| 650 | |a GUERRA CIVIL | ||
| 650 | |a PROBLEMAS POLITICOS | ||
| 650 | |a IDEOLOGIAS POLITICAS | ||
| 942 | |2 ddc |c LI | ||
